| 000 | 00874 a2200181 4500 | ||
|---|---|---|---|
| 003 | Nust | ||
| 005 | 20221118091719.0 | ||
| 040 | _cNust | ||
| 082 | _a621.3744,SKI | ||
| 245 |
_aTransient electric currents / _cHugh Hildreth Skilling |
||
| 250 | _a2nd ed. / | ||
| 260 |
_aMcGraw-Hill _bNew York, London _c1952 |
||
| 300 |
_axiii, 349 p _billus _cdiagrs _e24 cm |
||
| 505 | _aIntroduction (Page-1), The Behavior of Condensers (Page-11), The Behavior of Condensers (Page-34), The Circuit Equations (Page-57), The Complete Single Circuit (Page-75), Networks (Page-127), Response to Alternating Voltage (Page-185), Coupled Resonant Circuits (Page-220), Circuits with Variables Parameters (Page-239), Traveling Waves (Page-262), Laplace Transformation (Page-306). | ||
| 600 |
_aHugh Hildreth Skilling _9102998 |
||
| 650 |
_aTransient electric currents _9102999 |
||
| 942 |
_2ddc _cBK |
||
| 999 |
_c181119 _d181119 |
||